=LDR 00000nam 2200000 4500 =001 INLIS000000000029651 =005 20130612131852 =008 ***********************************Ind** =035 ##$$0010-061300000029651 =041 ##$$a Ind =082 ##$$a 651.7 =090 ##$$a 651.7, Ish p =100 ##$$a Ishadi =245 ##$$a Prospek bisnis informasi di Indonesia, Ishadi =260 ##$$a 1999 $b Jakarta =300 ##$$a xii,249 hlm, 22 cm =650 ##$$a Bisnis Informasi =850 ##$$a NBPNMAT